Rozpoznaj Polskich graczy Lola po włosach - Statystyki

Ogólne statystyki
  • Ten quiz został rozwiązany 404 razy
  • Średni wynik to 13 z 28
Statystyki odpowiedzi
Obrazkowy Odpowiedź % Poprawnych
Trymbi
91%
Jankos
83%
Woolite
80%
Vander
79%
Sinmivak
77%
Inspired
68%
Cinkrof
65%
Zwyroo
65%
Shushei
63%
Tabasko
58%
Fresskowy
56%
odi11
50%
Czajek
49%
HARPOON
49%
Erdote
46%
Czekolad
37%
Selfmade
34%
Syzyf
33%
Agresivoo
31%
Daglas
31%
iBo
31%
Zamulek
26%
Roison
25%
Jactroll
19%
Kikis
14%
ShazQ
13%
R4VEN
10%
Syzyfek
10%
Nie znaleziono quizów pasujących do podanych kryteriów
Rozkład punktacji
Procent ludzi z każdym wynikiem
Percentyl według liczby udzielonych odpowiedzi
Twoja historia wyników
Nie rozwiązałeś tego quizu